00734cam a22002051 4500001001300000003000400013005001700017008004100034010001700075035001900092040001900111042001200130043001200142050002000154100002900174245020700203260004900410300003200459650003700491sa 66004192 DLC20260227112240.0790920s1961 ii 000 0 eng  asa 66004192  a(OCoLC)5391279 aDLCcNcRSdDLC apremarc aa-ii---00aQK358b.H3 19611 aHaines, Henry Haselfoot.14aThe botany of Bihar and Orissa;ban account of all the known indigenous plants of the province and of the most important or most commonly cultivated exotic ones,cwith maps and introd., by H. H. Haines. aCalcutta,bBotanical Survey of Indiac[1961] a3 v. (xvi, 1372 p.)c22 cm. 0aBotanyzIndiazBihar and Orissa.